| 000 | 00623nam a2200205 a 4500 | ||
|---|---|---|---|
| 999 |
_c1123 _d1123 |
||
| 001 | 1123 | ||
| 003 | BD-JhCC | ||
| 005 | 20190709134016.0 | ||
| 008 | 171015s1995 bg |||| |||| 000 0 ben d | ||
| 035 | _a(BD-JhCC)1123 | ||
| 040 |
_aBD-JhCC _dBD-JhCC |
||
| 041 | _aben | ||
| 082 |
_a891.4409 _bSHA 1995 |
||
| 100 | _aশরীফ, আহমদ | ||
| 245 |
_aসময়-সমাজ-মানুষ / _cআহমদ শরীফ |
||
| 260 |
_aঢাকা: _bবিদ্যাপ্রকাশ, _c১৯৯৫ |
||
| 300 |
_a১৫০ পৃ.; _c২০ সে.মি. |
||
| 650 | _aBengali Literature | ||
| 942 |
_2ddc _cBK _02 |
||